000 00645nam a22001937a 4500
005 20250808112451.0
010 _aENG-146373
020 _c450.00
_a9789361633065
035 _aEN-129905
037 _bDBAD
082 _a333.9516
_21
245 _aEmerging trends in Life Sciences/
_cEdited By Vijaya Tartte [and] M. Nagalakshmi Devamma
250 _a1
260 _aMadurai
_bShanlax Publications
_c2025
270 _a61, T.P.K., Main Road, Vasantha Nagar
_bMadurai
_e625003
_mshanlax_1990@yahoo.com
300 _a320p.
_c25cm(pb)
700 _aDevamma, M. Nagalakshmi
_eEditor
_983963
942 _2ddc
_cEN
_h333.9516
_mEME
999 _c212951
_d212951